Подробности
| 000 -МАРКЕР |
| контрольное поле |
04111nam0a2200421 4500 |
| 001 - ИДЕНТИФИКАТОР ЗАПИСИ |
| контрольное поле |
RU\NLR\BIBL_A\012849772 |
| 005 - ИДЕНТИФИКАТОР ВЕРСИИ |
| контрольное поле |
20221110143733.0 |
| 010 ## - МЕЖДУНАРОДНЫЙ СТАНДАРТНЫЙ НОМЕР КНИГИ (ISBN) |
| Номер (ISBN) |
978-5-6046429-2-4 |
| Тираж |
300 |
| 021 ## - НОМЕР ГОСУДАРСТВЕННОЙ РЕГИСТРАЦИИ |
| Код страны |
Российская Федерация |
| Номер |
КН-П-22-029041 |
| Номер Листа государственной регистраци |
КН-П-22-2486 |
| 035 ## - ДРУГИЕ СИСТЕМНЫЕ НОМЕРА |
| Идентификатор записи |
(NLR Aleph) 012849772 |
| 035 ## - ДРУГИЕ СИСТЕМНЫЕ НОМЕРА |
| Идентификатор записи |
(RuMoRGB)011063775 |
| 100 ## - ДАННЫЕ ОБЩЕЙ ОБРАБОТКИ |
| Данные общей обработки |
20220719d2021 k y0rusy50 ca |
| 101 0# - ЯЗЫК РЕСУРСА |
| Язык текста, звукозаписи и т.д. |
русский |
| Язык резюме |
английский |
| 102 ## - СТРАНА ПУБЛИКАЦИИ ИЛИ ПРОИЗВОДСТВА |
| Страна публикации |
Российская Федерация |
| 105 ## - ПОЛЕ КОДИРОВАННЫХ ДАННЫХ: ТЕКСТОВЫЕ МАТЕРИАЛЫ, МОНОГРАФИЧЕСКИЕ |
| Кодированные данные о монографическом текстовом документе |
a|||z|||001zy |
| 181 #0 - ПОЛЕ КОДИРОВАННЫХ ДАННЫХ: ВИД СОДЕРЖАНИЯ |
| Код вида содержания (ISBD) |
i |
| Код характеристики содержания (ISBD) |
axxe |
| 182 #0 - ПОЛЕ КОДИРОВАННЫХ ДАННЫХ: ТИП СРЕДСТВА |
| Код типа средства (ISBD) |
n - непосредственное |
| 200 1# - ЗАГЛАВИЕ И СВЕДЕНИЯ ОБ ОТВЕТСТВЕННОСТИ |
| Основное заглавие |
Птицы северотаежных редкостойных лесов Западной Сибири |
| Параллельное заглавие |
Birds of northern taiga rare-standing forests of Western Siberia |
| Сведения, относящиеся к заглавию |
монография |
| Первые сведения об ответственности |
И. В. Покровская |
| Последующие сведения об ответственности |
ответственный редактор: доктор биологических наук Ю. С. Равкин |
| -- |
Российская академия наук, Институт географии, Сибирское отделение, Институт систематики и экологии животных |
| 203 ## - ВИД СОДЕРЖАНИЯ И ТИП СРЕДСТВА |
| Вид содержания |
Текст |
| Дополнительные сведения об издании |
визуальный |
| Тип средства |
непосредственный |
| 210 ## - ПУБЛИКАЦИЯ, РАСПРОСТРАНЕНИЕ И ДР. |
| Место издания, распространения и т.д. |
Новосибирск |
| Имя издателя, распространителя и т. д. |
Сибирское отделение РАН |
| Дата издания, распространения и т.д. |
2021 |
| 215 ## - ФИЗИЧЕСКАЯ ХАРАКТЕРИСТИКА |
| Специфическое обозначение материала и объем |
324, [2] с. |
| Другие сведения о физической характеристике |
ил., табл. |
| Размеры |
24 |
| 300 ## - ОБЩИЕ ПРИМЕЧАНИЯ |
| Текст примечания |
Авт. также на англ. яз.: I. V. Pokrovskaya |
| 300 ## - ОБЩИЕ ПРИМЕЧАНИЯ |
| Текст примечания |
Рез. англ. |
| 320 ## - ПРИМЕЧАНИЯ О НАЛИЧИИ В ДОКУМЕНТЕ БИБЛИОГРАФИИ / УКАЗАТЕЛЯ |
| Текст примечания |
Библиогр.: с. 194-208 |
| 320 ## - ПРИМЕЧАНИЯ О НАЛИЧИИ В ДОКУМЕНТЕ БИБЛИОГРАФИИ / УКАЗАТЕЛЯ |
| Текст примечания |
Алф. указ. рус. назв. видов птиц к повидовым очеркам: с. 321-322 |
| 320 ## - ПРИМЕЧАНИЯ О НАЛИЧИИ В ДОКУМЕНТЕ БИБЛИОГРАФИИ / УКАЗАТЕЛЯ |
| Текст примечания |
Алф. указ. лат. назв. видов птиц к повидовым очеркам: с. 323-324 |
| 330 ## - РЕЗЮМЕ ИЛИ РЕФЕРАТ |
| Текст примечания |
В монографии представлен повидовой обзор птиц подзональной полосы северотаежных редкостойных лесов Западной Сибири, содержащий количественную характеристику территориальных изменений их летнего обилия. Приведены данные по летней динамике численности, видовому богатству, биомассе, фаунистическому составу и плотности населения птиц всех обследованных местообитаний. Проведено сравнение обилия и распределения птиц в других лесных подзонах и подзональных полосах Западной Сибири. Составлены иерархические классификации, отражающие особенности пространственного распределения, характера пребывания видов и неоднородности сообществ птиц. Описаны основные структурообразующие факторы среды. Показана правомерность использования собранных в разные годы материалов для выявления пространственной структуры и организации населения птиц. Книга предназначена для специалистов в области зоогеографии, орнитологии, охотоведения, биоценологии и охраны природы |
| 510 1# - ПАРАЛЛЕЛЬНОЕ ЗАГЛАВИЕ |
| Связь между полями |
z23790 |
| Параллельное заглавие |
Birds of northern taiga rare-standing forests of Western Siberia |
| Язык заглавия |
английский |
| 606 1# - НАИМЕНОВАНИЕ ТЕМЫ КАК ПРЕДМЕТ |
| Наименование темы |
Лесные птицы |
| Географический подзаголовок |
Сибирь Западная |
| Системный номер авторитетной/нормативной записи |
2502477 |
| Идентификатор авторитетной/нормативной записи |
RU\NLR\AUTH\6601699544 |
| 675 ## - УНИВЕРСАЛЬНАЯ ДЕСЯТИЧНАЯ КЛАССИФИКАЦИЯ (UDC/УДК) |
| Индекс |
598.2(571.1) |
| Издание |
4 |
| 686 1# - ИНДЕКСЫ ДРУГИХ КЛАССИФИКАЦИЙ |
| Индекс |
Е693.35(2Р53) |
| 700 #1 - ИМЯ ЛИЦА - ПЕРВИЧНАЯ ОТВЕТСТВЕННОСТЬ |
| Графика поля |
Кириллица |
| Материалы, к которым относится поле |
rus |
| Начальный элемент ввода |
Покровская |
| Часть имени, кроме начального элемента ввода |
И. В. |
| Даты |
1930- |
| Расширение инициалов личного имени |
Ирина Владимировна |
| Системный номер авторитетной/нормативной записи |
248615 |
| Идентификатор авторитетной/нормативной записи |
RU\NLR\AUTH\770248671 |
| 790 #0 - ИМЯ ЛИЦА - АЛЬТЕРНАТИВНАЯ ФОРМА |
| Связь между полями |
z23510 |
| Графика поля |
Кириллица |
| Материалы, к которым относится поле |
rus |
| Начальный элемент ввода |
Pokrovskaja |
| Часть имени, кроме начального элемента ввода |
I. V. |
| Даты |
1930- |
| Расширение инициалов личного имени |
Irina Vladimirovna |
| Системный номер авторитетной/нормативной записи |
248617 |
| Идентификатор авторитетной/нормативной записи |
RU\NLR\AUTH\770248673 |
| 942 ## - ДОПОЛНИТЕЛЬНЫЕ ЭЛЕМЕНТЫ ЗАПИСИ (АБИС) |
| Тип экземпляра АБИС |
Книга |
| 980 ## - КОЛЛЕКЦИЯ |
| Название коллекции |
Национальная библиография |